Statistics for Corporate Scandals Quiz

Click here to take the quiz!

General Stats

  • This quiz has been taken 25,326 times
    (14,018 since last reset)
  • The average score is 8 of 16

Answer Stats

YearWhat HappenedCompany% Correct
2018CEO falsely tweeted that the company is being bought for $420 per share.Tesla
93%
2018/19Two of its 737 Max jets crashed within a span of five months.Boeing
87%
2016One of this company's phones is banned on planes due to frequent explosions.Samsung
82%
2013Sold Swedish meatballs that contained horse meat.IKEA
77%
2010Spilled oil into the Gulf of Mexico.BP
75%
2015Rigged its diesel cars to cheat on emissions tests.Volkswagen
71%
2009Recalled 9 million cars after problems with uncontrolled acceleration.Toyota
59%
2018Allowed the spread of fake news which led to atrocities commited against
Rohingya Muslims in Myanmar.
Facebook
54%
1989Spilled oil into Prince William Sound.Exxon
47%
2013Sold see-through yoga pants.Lululemon
38%
2001Appeared to be a thriving energy company, but was actually a
giant accounting scam.
Enron
36%
2018Self-driving car hit and killed a pedestrian.Uber
24%
2005Sold music CDs which secretly installed an illegal "rootkit" onto users' computers.Sony
23%
variousHired Nazi war-criminals, sold HIV-infected blood, and
marketed heroin as cough medicine.
Bayer
20%
1984Responsible for the Bhopal Disaster, a chemical leak that killed
at least 3,000 people in India.
Union Carbide
15%
2002Marketed thong underwear to pre-teens.Abercrombie & Fitch
10%

Score Distribution

Percentile by Number Answered

Percent of People with Each Score

Your Score History

You have not taken this quiz since the last reset